Normal view
MARC view
Entry Topical Term
001 - CONTROL NUMBER
- control field: 30996
003 - CONTROL NUMBER IDENTIFIER
- control field: OSt
005 - DATE AND TIME OF LATEST TRANSACTION
- control field: 20220509114312.0
008 - FIXED-LENGTH DATA ELEMENTS
- fixed length control field: 220509|| aca||aabn | a|a d
040 ## - CATALOGING SOURCE
- Original cataloging agency: OSt
- Transcribing agency: OSt
150 ## - HEADING--TOPICAL TERM
- Topical term or geographic name entry element: Machine learning, Deep learning, Reinforcement learning, Stock price, Trading volume, Technical indicators, News’ sentiments, News titles
670 ## - SOURCE DATA FOUND
- Source citation: Work cat.: (OSt): Prasad, Akhilesh and Seetharama, Arumugam 30995, Importance of machine learning in making investment decision in stock market
